000 00347nam a2200157Ia 4500
003 OSt
005 20231123062126.0
008 170523s9999 xx 000 0 und d
020 _a0-07-049545-9
040 _cIIMT
100 _aSAWYER- WILLIAM
245 0 _aINFORMATION TECHNOLOGY
260 _bMC GRAW HILL
260 _c2002
942 _2ddc
_c02
999 _c1065
_d1065